00399 a2200145 4500020001500000050002100015100003700036245005500073250001800128264003800146300001800184500001900202650001500221651001700236 a0958418594 aKTL3573 MEY 2001 aMeyerowitz, David, S. C.eauthor aMeyerowitz on income tax /cDavid Meyerowitz, S.C. a2000-2001 ed. aCape Town :bThe Taxpayer,c2001. aseveral pages aIncludes index aIncome tax aSouth Africa